Global consumer organizations (Record no. 75919)

MARC details
000 -LEADER
fixed length control field 01142nam a2200229 a 4500
008 - FIXED-LENGTH DATA ELEMENTS--GENERAL INFORMATION
fixed length control field 211027s2015 ||||||||||||||||| || u
020 ## - INTERNATIONAL STANDARD BOOK NUMBER
International Standard Book Number 9780415673419
050 ## - LIBRARY OF CONGRESS CALL NUMBER
Classification number HC 79. C63 Ron
100 ## - MAIN ENTRY--PERSONAL NAME
Personal name Ronit, Karsten
245 10 - TITLE STATEMENT
Title Global consumer organizations
Statement of responsibility, etc. By Karsten Ronit
260 ## - PUBLICATION, DISTRIBUTION, ETC.
Place of publication, distribution, etc. New York
Name of publisher, distributor, etc. Routledge
Date of publication, distribution, etc. 2015
300 ## - PHYSICAL DESCRIPTION
Extent xv, 153 pages
490 ## -
-- Global Institutions
650 #0 - SUBJECT ADDED ENTRY--TOPICAL TERM
Topical term or geographic name entry element GLOBALIZATION
650 #0 - SUBJECT ADDED ENTRY--TOPICAL TERM
Topical term or geographic name entry element SOCIAL RESPONSIBILITY OF BUSINESS
650 ## - SUBJECT ADDED ENTRY--TOPICAL TERM
Topical term or geographic name entry element CONSUMER PROTECTION--CITIZEN PARTICIPATION
650 ## - SUBJECT ADDED ENTRY--TOPICAL TERM
Topical term or geographic name entry element CONSUMER PROTECTION--GOVERNMENT POLICY
650 ## - SUBJECT ADDED ENTRY--TOPICAL TERM
Topical term or geographic name entry element CONSUMER PROTECTION--INTERNATIONAL COOPERATION
995 ## -
-- MAIN LIBRARY OPEN ACCESS
-- 751333
-- CBU-MAIN LIBRARY (Kitwe)
-- 43.19
-- HC 79. C63 Ron
-- 2
-- AVAILABLE
-- Oct 27, 2021
-- 751333
-- Main Library Open Access Collection
995 ## -
-- MAIN LIBRARY OPEN ACCESS
-- 751334
-- CBU-MAIN LIBRARY (Kitwe)
-- 43.19
-- HC 79. C63 Ron
-- 3
-- AVAILABLE
-- Oct 27, 2021
-- 751334
-- Main Library Open Access Collection
995 ## -
-- MAIN LIBRARY OPEN ACCESS
-- 751332
-- CBU-MAIN LIBRARY (Kitwe)
-- 43.19
-- HC 79. C63 Ron
-- 1
-- AVAILABLE
-- Oct 27, 2021
-- 751332
-- Main Library Open Access Collection
999 ## -
-- 75919
-- 75919
Holdings
Withdrawn status Lost status Source of classification or shelving scheme Damaged status Not for loan Permanent Location Current Location Shelving location Date acquired Total Checkouts Full call number Barcode Date last seen Copy number Price effective from Koha item type Date last checked out
          CBU-MAIN LIBRARY, KITWE. CBU-MAIN LIBRARY, KITWE.   04/25/2023   HC 79. C63 Ron 751333 04/25/2023 1 04/25/2023 MONOGRAPH  
          CBU-MAIN LIBRARY, KITWE. CBU-MAIN LIBRARY, KITWE.   04/25/2023 1 HC 79. C63 Ron 751334 04/23/2024 2 04/25/2023 MONOGRAPH 04/10/2024
          CBU-MAIN LIBRARY, KITWE. CBU-MAIN LIBRARY, KITWE.   04/25/2023   HC 79. C63 Ron 751332 04/25/2023 3 04/25/2023 MONOGRAPH